Statistiques concernant Pokemon - Les Pokemon de Sacha

Cliquez ici pour prendre le quiz!

Statistiques générales

  • Ce quiz a été pris 44 fois
  • Le résultat moyen est 27 sur 56

Statistiques - réponses

épisodePokemon% Correct
1Episode 1Pikachu
97%
4Episode 10Bulbizarre
86%
6Episode 12Carapuce
86%
2Episode 3Chenipan
86%
5Episode 11Salamèche
84%
3Episode 3Roucoups
65%
42Episode 801Grenousse
62%
17Episode 151Kaiminus
62%
11Episode 35Tauros
62%
53Episode 1101Ectoplasma
57%
13Episode 94Ronflex
57%
22Episode 281Arcko
54%
16Episode 141Héricendre
54%
12Episode 84Lokhlass
54%
26Episode 453Capumain
51%
52Episode 1095Dracolosse
51%
35Episode 661Gruikui
51%
34Episode 660Moustillon
51%
47Episode 943Brindibou
49%
27Episode 468Etourmi
49%
49Episode 960Flamiaou
49%
15Episode 126Germignon
49%
30Episode 521Mustébouée
49%
21Episode 278Nirondelle
49%
54Episode 1106Riolu
49%
48Episode 954Rocabot
49%
28Episode 471Tortipouss
49%
36Episode 664Vipélierre
49%
44Episode 834Brutalibré
46%
9Episode 25Colossinge
46%
10Episode 30Grotadmorv
46%
7Episode 13Krabby
46%
51Episode 1051Meltan
46%
31Episode 530Scorplane
46%
23Episode 297Ecrapince
43%
56Episode 1135Hydragon
43%
45Episode 854Mucuscule
41%
29Episode 518Ouisticram
41%
43Episode 802Passerouge
41%
50Episode 1006Vémini
41%
24Episode 332Chartor
38%
38Episode 675Larveyette
38%
20Episode 230Phanpy
38%
33Episode 659Poichigeon
38%
8Episode 15Rattatac
38%
46Episode 875Sonistrelle
38%
25Episode 382Stalgamin
38%
37Episode 674Baggiguane
35%
32Episode 623Griknot
35%
18Episode 154Noarfang
35%
40Episode 691Nodulithe
35%
14Episode 119Scarhino
35%
39Episode 689Batracné
32%
55Episode 1112Canarticho de Galar
32%
41Episode 722Escroco
32%
19Episode 161Dardargnan
8%

Distribution des résultats

Percentile par nombre de réponses

% des personnes avec chaque résultat

Votre développement - résultats

Vous n’avez pas pris ce quiz